Làm giàu vốn từ vựng của bạn theo cách hiệu quả nhất = Boost your Vocabulary 1

Zapisane w:
Opis bibliograficzny
1. autor: Barker, Chris
Format: Książka
Język:Undetermined
Wydane: Thành phố Hồ Chí Minh Nhà xuất bản Thành phố Hồ Chí Minh 2004
Hasła przedmiotowe:
Etykiety: Dodaj etykietę
Nie ma etykietki, Dołącz pierwszą etykiete!
Thư viện lưu trữ: Trung tâm Học liệu Trường Đại học Cần Thơ
LEADER 00776nam a2200217Ia 4500
001 CTU_93899
008 210402s9999 xx 000 0 und d
020 |c 16000 
082 |a 428.1 
082 |b B255/T.1 
100 |a Barker, Chris 
245 0 |a Làm giàu vốn từ vựng của bạn theo cách hiệu quả nhất = 
245 0 |b Boost your Vocabulary 1 
245 0 |c Chris Barker ; Lê Huy Lâm giới thiệu và chú giải 
260 |a Thành phố Hồ Chí Minh 
260 |b Nhà xuất bản Thành phố Hồ Chí Minh 
260 |c 2004 
650 |a English language,English language,English language 
650 |x Study and teaching 
904 |i Trúc 
980 |a Trung tâm Học liệu Trường Đại học Cần Thơ